KOHA-Header-6

Development Across the life Span (Record no. 11202)

000 -LEADER
fixed length control field 00281nam a2200109Ia 4500
100 ## - MAIN ENTRY--AUTHOR NAME
Personal name Robert S.Feldman
245 #0 - TITLE STATEMENT
Title Development Across the life Span
260 ## - PUBLICATION, DISTRIBUTION, ETC. (IMPRINT)
Place of publication New Jersey
Name of publisher Prentice Hall
Year of publication 1974
300 ## - PHYSICAL DESCRIPTION
Number of Pages 640
942 ## - ADDED ENTRY ELEMENTS (KOHA)
Koha item type Books

No items available.

Powered by Koha